| 000 | 00598nam a2200193 a 4500 | ||
|---|---|---|---|
| 001 | BRCA_1479 | ||
| 005 | 20190320203439.0 | ||
| 008 | 191105s2003----uk-a---###---#000-0#eng-d | ||
| 020 | _a1844300129 | ||
| 050 | 4 |
_aNK279 _b.A57 2003 |
|
| 100 | 1 |
_aAnquetil, Jacques _94838 |
|
| 245 | 1 | 0 |
_aCarpets _bTechniques, Traditions and History _cJacques Anquetil. |
| 260 |
_aLondres _bHachette Ilustrated _c2003 |
||
| 300 |
_a212 p. _bil. a color _c26 cm. |
||
| 500 | _aIncluye índice alfabético | ||
| 650 | 1 | 4 |
_aAlfombras _xHistoria _94839 |
| 650 | 1 | 4 |
_aDiseño textil y técnica _xHistoria _94840 |
| 942 |
_2lcc _cB |
||
| 999 |
_c1341 _d1341 |
||